000
00271nam a22001217a 4500
040
_c
SY
082
_a
155
100
_a
វុន វ៉ារី
245
_a
ភាពជាអ្នកដឹកនាំ
260
_a
RUA
_b
វុន
_c
NA
300
_a
66p.
942
_c
KB
999
_c
9147
_d
9147